|
|
|
|
| LEADER |
00695nam a2200193 i 4500 |
| 001 |
misc57752 |
| 005 |
20210516115750.0 |
| 008 |
210516s1896 hu o 0|| hun d |
| 040 |
|
|
|a SZTE Miscellanea Repozitórium
|b hun
|
| 041 |
|
|
|a hun
|
| 100 |
1 |
|
|a Gárdonyi Géza
|
| 245 |
1 |
0 |
|a Ygazság [igazság] a földön
|h [elektronikus dokumentum] :
|b legenda /
|c Gárdonyi Géza
|
| 260 |
|
|
|a Engel Lajos Könyvnyomdája
|b Szeged, Magyarország
|c 1896
|
| 300 |
|
|
|a 68 p.
|c 14 cm
|
| 650 |
|
4 |
|a Bölcsészettudományok
|
| 650 |
|
4 |
|a Nyelvek és irodalom
|
| 650 |
|
4 |
|a Általános irodalomtudományok
|
| 695 |
|
|
|a Magyar irodalom - vers
|
| 856 |
4 |
0 |
|u http://misc.bibl.u-szeged.hu/57752/1/xa_180782.pdf
|z Dokumentum-elérés
|